000 00328nam a2200145Ia 4500
100 _aDeb/ S.R.
942 _cRB
654 _aRobotics
245 _aRobotics Technology & Flexible Automation
260 _bTata Mc Graw hill
_aNew Delhi
_c1994
082 _a629.892
_bDEB
300 _a423
546 _aENGLISH
999 _c21473
_d21473